Гидравлика, гидромашины и гидропневмопривод: учебное пособие для вузов

書誌詳細
その他の著者: Артемьева Т. В. Татьяна Валентиновна (редактор), Лысенко Т. М. Татьяна Михайловна, Румянцева А. Н. Альбина Николаевна, Стесин С. П. Савелий Павлович
要約:Изложены основы механики жидкости и газа, приведены примеры, использования ее основных законов в практических расчетах. Представлены основные сведения о гидравлических машинах, гидродинамических передачах, объемном гидравлическом и пневматическом приводах, применяемых в автомобильном транспорте и других самоходных транспортных средствах. Для студентов вузов. Может быть полезно специалистам.
言語:ロシア語
出版事項: Москва, Academia, 2007
版:3-е изд., стер.
シリーズ:Высшее профессиональное образование. Транспорт
主題:
フォーマット: 図書
KOHA link:https://koha.lib.tpu.ru/cgi-bin/koha/opac-detail.pl?biblionumber=125583

MARC

LEADER 00000nam0a2200000 4500
001 125583
005 20231031131415.0
010 |a 9785769539220 ((в пер.))  |b (в пер.)  |b 5100 экз. 
021 |a RU  |b 05-51616  |9 05-2517 
035 |a (RuTPU)RU\TPU\book\135888 
035 |a RU\TPU\book\124826 
090 |a 125583 
100 |a 20071119d2007 m y0rusy5002 ca 
101 0 |a rus 
102 |a RU 
105 |a a j 001zy 
200 1 |a Гидравлика, гидромашины и гидропневмопривод  |e учебное пособие для вузов  |f Т. В. Артемьева [и др.]  |g под ред. С. П. Стесина 
205 |a 3-е изд., стер. 
210 |a Москва  |c Academia  |d 2007 
215 |a 335 с.  |c ил. 
225 1 |a Высшее профессиональное образование. Транспорт 
320 |a Библиогр.: с. 332. 
330 |a Изложены основы механики жидкости и газа, приведены примеры, использования ее основных законов в практических расчетах. Представлены основные сведения о гидравлических машинах, гидродинамических передачах, объемном гидравлическом и пневматическом приводах, применяемых в автомобильном транспорте и других самоходных транспортных средствах. Для студентов вузов. Может быть полезно специалистам. 
451 1 |0 (RuTPU)RU\TPU\book\176679  |y 978-5-7695-5127-7  |t Гидравлика, гидромашины и гидропневмопривод  |o учебное пособие для вузов  |f Т. В. Артемьева [и др.]  |g под ред. С. П. Стесина  |e 3-е изд., стер.  |c М.  |n Academia  |d 2008  |p 335 с. 
451 1 |0 (RuTPU)RU\TPU\book\124826  |y 5-7695-3162-2  |t Гидравлика, гидромашины и гидропневмопривод  |o учебное пособие для вузов  |f Т. В. Артемьева [и др.]  |g под ред. С.П. Стесина  |e 2-е изд., стер.  |c М.  |n Academia  |d 2006  |p 334, [1] с.  |s Высшее профессиональное образование. Транспорт 
610 1 |a гидравлика 
610 1 |a гидравлические машины 
610 1 |a гидравлические приводы 
610 1 |a пневматические приводы 
610 1 |a жидкость 
610 1 |a свойства 
610 1 |a капельная жидкость 
610 1 |a равновесие 
610 1 |a режимы движения 
610 1 |a технические трубы 
610 1 |a гидравлическое трение 
610 1 |a гидравлические сопротивления 
610 1 |a истечение 
610 1 |a струи 
610 1 |a лопастные машины 
610 1 |a гидродинамические передачи 
610 1 |a объемные гидромашины 
610 1 |a гидроаппаратура 
610 1 |a объемные гидроприводы 
610 1 |a учебные пособия 
675 |a 532.5(075.8)  |v 3  |z rus 
675 |a 621.22(075.8)  |v 3  |z rus 
675 |a 62-82(075.8)  |v 3  |z rus 
701 1 |a Артемьева  |b Т. В.  |g Татьяна Валентиновна 
701 1 |a Лысенко  |b Т. М.  |g Татьяна Михайловна 
701 1 |a Румянцева  |b А. Н.  |g Альбина Николаевна 
701 1 |a Стесин  |b С. П.  |g Савелий Павлович 
702 1 |a Стесин  |b С. П.  |g Савелий Павлович  |4 340 
801 0 |a RU  |b 63413507  |c 20050912  |g PSBO 
801 1 |a RU  |b 63413507  |c 20060329  |g PSBO 
801 2 |a RU  |b 63413507  |c 20210623  |g PSBO 
900 |a Гидравлика, гидро-и пневмопривод 
900 |a Гидравлика 
900 |a Гидравлика и гидропривод 
900 |a Гидравлика и гидравлические машины 
900 |a Гидравлические и пневматические системы 
942 |c BK 
951 |b 150802  |b 190600 
959 |a 24/20070227  |d 2  |e 171,40  |f АНЛ:2 
959 |a 70/20071010  |d 2  |e 232,00  |f АНЛ:2 
959 |a 12/20080201  |d 3  |e 0  |f АНЛ:1  |f УФ:2